000 00356 a2200145 4500
005 20250516090152.0
020 _a978-1-63694-019-9
082 _a658.5
245 _aThe Asq Metrology Handbook
250 _a3rd Ed.
260 _aUnited States.
_bAsqExcellence,
_c2022.
300 _axxxi,695p.;
_bill.;
_c26cm
700 _aHEATHER, W. A.
942 _2ddc
_cBKS
999 _c2366
_d2366